Movies Quiz

Random Movies or Clickable Quiz

101 Movie 'H' Words Quiz Stats

 Plays Quiz Updated Jun 3, 2018

Challenge
Share
Tweet
Embed
Score 0/101 Timer 11:00
4 Plays Today
% Correct
Holmes
87.9%
Honey
87.8%
Hate
87.8%
Home
87.8%
Hocus
87.8%
Hills
87.7%
Hunger
87.4%
Hunchback
87.2%
Hear
87.1%
Hood
85.7%
Happyness
85.6%
Hawk
85.4%
Have
85.2%
Hur
84.7%
Hunt
84.4%
Horrors
84.3%
Hitchhiker's
84.3%
Hound
84.2%
Heights
84.1%
Hurt
84%
Hard
83.5%
Hail
83.1%
Hell
82.5%
High
82.2%
Hooch
82.2%
Hero
82.2%
Hand
82.2%
Hollow
82.1%
Hotel
82%
Hallows
81.8%
Happened
81.6%
Hello
81.1%
Horton
80.8%
Horror
80.6%
% Correct
House
80.2%
Horrible
79.2%
Homeward
78.9%
Herbie
78.5%
Here
78.5%
Hall
78.2%
Holds
76.2%
Hole
75%
Head
74.5%
Hateful
74.3%
Hannah
73.5%
History
72.2%
Harry
70.5%
Him
69.9%
Holland's
68.7%
Howard
68.2%
Hobbit
66.5%
Hornet
66%
Harold
65.8%
Heavy
65.5%
Hire
64.2%
Heat
62.6%
Honor
60.3%
Hedge
59.1%
He
57.6%
Horn
56.4%
Hacksaw
56.3%
Huckabees
55.2%
Hustle
55.1%
Holiday
54.5%
Haunted
53.8%
Heavenly
53.5%
Hudsucker
52.6%
Harder
52.3%
% Correct
Hollywood
51.6%
Hamburger
51.5%
Help
51.5%
Hit
51.1%
Halloween
50.4%
Half
48%
Hedwig
46.9%
Hush
46.8%
Heartbreak
46.7%
Heaven
45.3%
Hex
34.4%
Heretic
34.1%
Hulot's
31.6%
Hunter
31.6%
Handkerchief
30.6%
Hooligans
30.5%
Henry
29.4%
Hearts
28.1%
Hour
27.9%
Highway
26.5%
Hired
26.4%
Hidden
24.9%
Ha
20.1%
Holocaust
20.1%
Helmet
19%
Hamilton
16.1%
Holy
15.4%
Hawaii
14.2%
Haxan
13.3%
Hiroshima
12.5%
Harp
9.2%
Hospitality
9.1%
Hunks
7.5%

You're not logged in!

Compare scores with friends on all Sporcle quizzes.
OR
Log In

You Might Also Like...

Show Comments

Extras

Top Quizzes Today


Score Distribution

Your Account Isn't Verified!

In order to create a playlist on Sporcle, you need to verify the email address you used during registration. Go to your Sporcle Settings to finish the process.

Report this User

Report this user for behavior that violates our Community Guidelines.

Details: